Transfery letniego okienka transferowego 2024/2025 - Statystyki

Ogólne statystyki
  • Ten quiz został rozwiązany 131 razy
  • Średni wynik to 9 z 15
Statystyki odpowiedzi
Transfer Piłkarz % Poprawnych
RB Lipsk -> FC Barcelona (55 mln €) Dani Olmo
100%
Palmeiras -> Real Madryt (47 mln €) Endrick
95%
Manchester City -> Atletico Madryt (75 mln €) Julian Alvarez
87%
Crystal Palace -> Bayern Monachium (53 mln €) Michael Olise
80%
Bayern Monachium -> Manchester United (45 mln €) Matthijs De Ligt
70%
Bologna -> Arsenal (45 mln €) Riccardo Calafiori
66%
Wolverhampton -> Chelsea (60 mln €) Pedro Neto
61%
Aston Villa -> Juventus (50 mln €) Douglas Luiz
60%
Benfica -> Paris Saint Germain (PSG) (59.9 mln €) Joao Neves
58%
Fulham -> Bayern Monachium (51 mln €) Joao Palhinha
52%
Borussia Dortmund -> West Ham United (27 mln €) Niclas Fuellkrug
51%
Vfb Stuttgart -> Borussia Dortmund (18 mln €) Serhou Guirassy
50%
Jagiellonia Białystok -> Real Salt Lake City (1.5 mln €) Dominik Marczuk
41%
Sevilla -> Fenerbahçe (19.5 mln €) Youssef En Nesyri
34%
Bayer Leverkusen -> Hoffenheim (18 mln €) Adam Hlozek
22%
Nie znaleziono quizów pasujących do podanych kryteriów
Rozkład punktacji
Procent ludzi z każdym wynikiem
Percentyl według liczby udzielonych odpowiedzi
Twoja historia wyników
Nie rozwiązałeś tego quizu